000 00268nam a2200097Ia 4500
001 646765
005 20250826153649.0
008 250824s9999 xx 000 0 und d
245 0 _aLEVENT TÜRKİYEYİ GEZİYORUM 6 KAPADOKYA DA
_cMUSTAFA ORAKÇI
260 _bTİMAŞ ÇOCUK
999 _c646765
_d646765